Govt. of
Madhya Pradesh

Sri Aurobindo on English Poets (Record no. 20810)

MARC details
000 -LEADER
fixed length control field 004460000a22001810004500
003 - CONTROL NUMBER IDENTIFIER
control field MACL
005 - DATE AND TIME OF LATEST TRANSACTION
control field 20150902151833.0
008 - FIXED-LENGTH DATA ELEMENTS--GENERAL INFORMATION
fixed length control field 150902b xxu||||| |||| 00| 0 eng d
040 ## - CATALOGING SOURCE
Original cataloging agency MACL
Transcribing agency MACL
041 ## - LANGUAGE CODE
Language code of text/sound track or separate title English
082 ## - DEWEY DECIMAL CLASSIFICATION NUMBER
Classification number 800/BHA
100 ## - MAIN ENTRY--PERSONAL NAME
Personal name Sri Aurobindo
9 (RLIN) 8628
245 ## - TITLE STATEMENT
Title Sri Aurobindo on English Poets
260 ## - PUBLICATION, DISTRIBUTION, ETC. (IMPRINT)
Name of publisher, distributor, etc. Sri Aurobindo Bhawan
Date of publication, distribution, etc. 1999
Place of publication, distribution, etc. Calcutta
350 ## - PRICE (NR) (BK AM CF MU VM SE) [OBSOLETE]
Price 80
650 ## - SUBJECT ADDED ENTRY--TOPICAL TERM
Topical term or geographic name as entry element Literature
9 (RLIN) 8629
942 ## - ADDED ENTRY ELEMENTS (KOHA)
Koha item type Books
Call number prefix 808
Source of classification or shelving scheme
Holdings
Withdrawn status Lost status Source of classification or shelving scheme Damaged status Not for loan Home library Current library Date acquired Cost, normal purchase price Total Checkouts Full call number Barcode Date last seen Uniform Resource Identifier Price effective from Koha item type
          MACL MACL 15/04/2015 80.00   808/BHA CRE019964 02/05/2024 20752 15/04/2015 Books